01081nab a22002297a 4500999001500000003000400015005001700019008004100036040000700077100003900084245013600123260007300259300001300332500004300345505014300388505009000531650000900621650002700630650003500657773014600692942001300838 c5287d5287OSt20250214085354.0190604e xxu||||| |||| 00| 0 spa d cPJ aMartínez-Moscoso, Andrés9634413aCaudal ecológico y derechos de la naturaleza :banálisis del caso "Río Aquepi No. 1185-20-JP" /cAndrés Martínez-Moscoso. aCiudad Autónoma de Buenos Aires :bThomson Reuters La Ley, c2025. ap. 57-64 aCita Online: TR LALEY AR/DOC/2517/2024 aSumario: I. Introducción.— II. Hechos relevantes.— III. Estudio sobre el análisis constitucional realizado.— IV. Conclusiones.  t¿Te interesa el texto completo? Solicitalo al correo: koha@justierradelfuego.gov.ar  092345 0aDAÑO AMBIENTAL93251 0aJURISPRUDENCIA APLICABLE910570 0271493171dCiudad Autónoma de Buenos Aires : Thomson Reuters La Ley, 2014-tRevista anales de legislación argentina. Nº 1 - Enero 2025. 2udccANA